Normal view
MARC view
Entry Geographic Name
001 - CONTROL NUMBER
- control field: 44636
003 - CONTROL NUMBER IDENTIFIER
- control field: dpl
005 - DATE AND TIME OF LATEST TRANSACTION
- control field: 20120402150303.0
008 - FIXED-LENGTH DATA ELEMENTS
- fixed length control field: 120402|||a|||||| | ||| d
040 ## - CATALOGING SOURCE
- Original cataloging agency: dpl
- Transcribing agency: dpl
151 ## - HEADING--GEOGRAPHIC NAME
- Geographic name: Delhi (India)
- General subdivision: History.
670 ## - SOURCE DATA FOUND
- Source citation: Work cat.: (dpl)34571: II, 44634, Delhi: , 2006
670 ## - SOURCE DATA FOUND
- Source citation: Work cat.: (dpl)34571: II, 44634, Delhi: , 2006
